00386nam a22001457a 4500003000400000005001700004008004100021020001800062040001800080082001900098100002200117245004900139260004300188300000900231OSt20200606120150.0191102b ||||| |||| 00| 0 eng d a9788190520126 cMESKC library a891.433bPRA/C aPrasoon, Srikanth aChaukath Mein Phase Pavm /cSrikanth Prasoon aDelhi :bDarshan Pustak Kendra, c2014 a192p